| 000 | 00450nam a2200157Ia 4500 | ||
|---|---|---|---|
| 008 | 160316s2003 xxu||||| |||| 00| 0 eng d | ||
| 082 |
_a346.017800 _bKAR |
||
| 100 | _aKarst Kenneth L. | ||
| 245 | _aLaw, cultural conflict and the socialization of children | ||
| 250 | _a | ||
| 260 |
_aCalifornia _bCalifornia Law Review _c2003 |
||
| 300 |
_a62 _b _c |
||
| 365 | _b | ||
| 650 | _a1. Children - adoption 2. Youth culture - mass media | ||
| 700 |
_a _a |
||
| 999 |
_c36503 _d36503 |
||